| 000 | 00760cam a22001691 4500 | ||
|---|---|---|---|
| 082 |
_a621.3 _bWAL _cL-9, P-45 |
||
| 100 | 1 |
_aWall, Thomas Frederick, _941185 |
|
| 245 | 1 | 0 |
_aTest papers and solutions on electrical engineering. _cWith detailed solutions of 203 problems and 371 diagrams. |
| 260 |
_aLondon, _bG. Newnes _c[1947] |
||
| 300 |
_avii, 312 p. _bdiagrs. _c24 cm. |
||
| 500 | _a"Companion volume to Dr. Wall's ʻPrinciples of electrical engineering, ̕covering the requirements of the B. Sc. (engineering), A.M.I.E.E., and higher examinations in the principles of the subject." | ||
| 526 |
_a0 _b0 _c0 _d621_300000000000000_WAL |
||
| 526 |
_a0 _b0 _c0 _d621_300000000000000_WAL |
||
| 650 | 0 | _aElectrical engineering | |
| 650 | 0 |
_aMCE _9379 |
|
| 942 |
_2ddc _cBK |
||
| 999 |
_c545360 _d545360 |
||